Monetary Policy in Central and Eastern Europe: Challenges of EU Integration (Record no. 3214)

MARC details
000 -LEADER
fixed length control field 00646nam a22002057i 4500
001 - CONTROL NUMBER
control field 3261
003 - CONTROL NUMBER IDENTIFIER
control field OSt
005 - DATE AND TIME OF LATEST TRANSACTION
control field 20170126082316.0
007 - PHYSICAL DESCRIPTION FIXED FIELD--GENERAL INFORMATION
fixed length control field tu
008 - FIXED-LENGTH DATA ELEMENTS--GENERAL INFORMATION
fixed length control field 161220s1996 xxu||||| |||| 00| 0 d
024 7# - OTHER STANDARD IDENTIFIER
Standard number or code 3260
Source of number or code RID
040 ## - CATALOGING SOURCE
Transcribing agency OSt
084 ## - OTHER CLASSIFICATION NUMBER
Classification number 11.431
-- 9.9
Number source z
100 1# - MAIN ENTRY--PERSONAL NAME
Personal name Havlik, Peter
Relator term Ed.
245 00 - TITLE STATEMENT
Title Monetary Policy in Central and Eastern Europe: Challenges of EU Integration
Remainder of title Conference, "Central and Eastern Europe: Directing Monetary Policy Towards EU Integration, Nov. 1995, Vienna
260 ## - PUBLICATION, DISTRIBUTION, ETC.
Place of publication, distribution, etc. Wien :
Name of publisher, distributor, etc. Oesterreichische Nationalbank (OeNB),
Date of publication, distribution, etc. 1996.
300 ## - PHYSICAL DESCRIPTION
Extent 260 S. ;
Dimensions 30cm.
651 ## - SUBJECT ADDED ENTRY--GEOGRAPHIC NAME
Geographic name EU
700 1# - ADDED ENTRY--PERSONAL NAME
Personal name Radzyner, Olga
Relator term Ed.
942 ## - ADDED ENTRY ELEMENTS (KOHA)
Koha item type Book
Holdings
Withdrawn status Lost status Damaged status Not for loan Home library Current library Shelving location Date acquired Inventory number Total Checkouts Full call number Barcode Date last seen Price effective from Koha item type
        WIIW WIIW Library 09/12/1996 3261   II-6.080 303259 01/26/2017 01/26/2017 Book
The Vienna Instiute for International Economic Studies (wiiw)